| 000 | 00759pab a2200229 454500 | ||
|---|---|---|---|
| 008 | 180718b2009 xxu||||| |||| 00| 0 eng d | ||
| 100 | _aOsman, Shaik Haffis M. | ||
| 245 | _aGender disparities under different techno-economic conditions in agriculture: Case studies of Andhra Pradesh and Orissa | ||
| 260 | _c2009 | ||
| 300 | _ap.531-540. | ||
| 362 | _aDec | ||
| 650 | _aEconomic conditions | ||
| 650 | _aAndhra Prtadesh - Economic conditions | ||
| 650 | _aOrisa - Economic conditions | ||
| 650 | _aWomen in agriculture - India - Orissa | ||
| 650 | _aWomen in agriculture - India - Andhra Pradesh | ||
| 650 | _aWomen in agriculture | ||
| 700 | _aRamakrishna, Y.S. | ||
| 773 | _aAgricultural Situation in India | ||
| 908 | _aN | ||
| 909 | _a91277 | ||
| 999 |
_c91277 _d91277 |
||